ՀՀ Գիտությունների ազգային ակադեմիայի հիմնարար գիտական գրադարան  =   Fundamental Scientific Library of NAS RA

Мать : (Record no. 377873)

MARC details
000 -LEADER
fixed length control field 00716nam a2200205 a 4500
001 - CONTROL NUMBER
control field 001188013
003 - CONTROL NUMBER IDENTIFIER
control field AM-YeHGA
005 - DATE AND TIME OF LATEST TRANSACTION
control field 20250617152807.0
008 - FIXED-LENGTH DATA ELEMENTS--GENERAL INFORMATION
fixed length control field 161109s1978 ||| r 000 0 rus d
040 ## - CATALOGING SOURCE
Original cataloging agency AM-YeHGA
041 0# - LANGUAGE CODE
Language code of text/sound track or separate title rus
090 ## - LOCALLY ASSIGNED LC-TYPE CALL NUMBER (OCLC); LOCAL CALL NUMBER (RLIN)
-- 379785
100 1# - MAIN ENTRY--PERSONAL NAME
Personal name Горький, Алексей Максимович
245 10 - TITLE STATEMENT
Title Мать :
Remainder of title Роман /
Statement of responsibility, etc. Максим Горький.
260 ## - PUBLICATION, DISTRIBUTION, ETC.
Place of publication, distribution, etc. Казань :
Name of publisher, distributor, etc. Татар. кн. изд-во,
Date of publication, distribution, etc. 1978.
300 ## - PHYSICAL DESCRIPTION
Extent 319 с.
653 0# - INDEX TERM--UNCONTROLLED
Uncontrolled term Женщина в России (х. л.)
653 0# - INDEX TERM--UNCONTROLLED
Uncontrolled term Рабочее движение в России, 20 в. (х. л.)
653 0# - INDEX TERM--UNCONTROLLED
Uncontrolled term Революционное движение в России, 20 в. (х. л.)
Holdings
Withdrawn status Lost status Source of classification or shelving scheme Damaged status Not for loan Collection Home library Current library Date acquired Total checkouts Full call number Barcode Date last seen Price effective from Koha item type Public note
    Universal Decimal Classification     General Fundamental Scientific Library Fundamental Scientific Library 11/01/2017   PII/421085 FL0435440 11/01/2017 11/01/2017 Գրքեր / Books 30 Days Loan


ՀՀ ԳԱԱ հիմնարար գիտական գրադարան
ՀՀ,Երևան 0019
Մարշալ Բաղրամյան 24/6
հեռախոս:(374-10) 52-47-50
Հետադարձ կապ

All site content, except where otherwise noted, is licensed under a
Creative Commons License